[Event "Zalakaros Barczay Memorial"]
[Site "Zalakaros"]
[Date "2019.05.29"]
[Round "7"]
[White "Almasi, Istvan"]
[Black "Videki, Sandor"]
[Result "0-1"]
[WhiteElo "2407"]
[BlackElo "2383"]
[PlyCount "76"]
[EventDate "2019.05.23"]
[EventType "swiss"]
[EventRounds "9"]
[EventCountry "HUN"]
[SourceTitle "CBM 190 Extra"]
[Source "ChessBase"]
[SourceDate "2019.07.15"]
[SourceVersion "1"]
[SourceVersionDate "2019.07.15"]
[SourceQuality "1"]

1. d4 d5 2. c4 c6 3. Nc3 Nf6 4. Nf3 dxc4 5. e4 b5 6. Be2 e6 7. 0-0 Bb7 8. b3 Bb4 9. e5 Nd5 10. Ne4 cxb3 11. Qxb3 h6 12. a4 0-0 13. axb5 cxb5 14. Bxb5 a5 15. Nc5 Bc6 16. Bd3 Nd7 17. Bb1 Nxc5 18. dxc5 Nc3 19. Be3 Bxf3 20. gxf3 Qc7 21. f4 Rfd8 22. Qc4 Qc6 23. f3 Rac8 24. Kg2 Nd5 25. Bf2 Bd2 26. f5 Nf4+ 27. Kg3 Qc7 28. fxe6 fxe6 29. Qe4 Rd5 30. Rd1 Rf8 31. Rxd2 Rxd2 32. Qh7+ Kf7 33. Kxf4 Rxf2 34. Ra3 Ke7+ 35. Kg3 R2xf3+ 36. Rxf3 Qxe5+ 37. Kf2 Qxh2+ 38. Ke3 Qg1+ 0-1

[Event "Zalakaros Barczay Memorial"]
[Site "Zalakaros"]
[Date "2019.05.27"]
[Round "5"]
[White "Almasi, Istvan"]
[Black "Horvath, Adam"]
[Result "1-0"]
[WhiteElo "2407"]
[BlackElo "2531"]
[PlyCount "91"]
[EventDate "2019.05.23"]
[EventType "swiss"]
[EventRounds "9"]
[EventCountry "HUN"]
[SourceTitle "CBM 190 Extra"]
[Source "ChessBase"]
[SourceDate "2019.07.15"]
[SourceVersion "1"]
[SourceVersionDate "2019.07.15"]
[SourceQuality "1"]

1. d4 Nf6 2. Nf3 e6 3. e3 b6 4. Bd3 Bb7 5. 0-0 Be7 6. c4 0-0 7. Nc3 d5 8. cxd5 exd5 9. b3 Nbd7 10. Bb2 a6 11. Rc1 Bd6 12. Ne2 Re8 13. Ng3 g6 14. Qc2 Ng4 15. Rfe1 Rc8 16. Qe2 h5 17. Nf1 Qe7 18. Rc2 Ra8 19. Rec1 c6 20. Qd1 a5 21. Re2 f5 22. g3 Ngf6 23. Nh4 Qf7 24. Qc2 Nb8 25. f3 Ba6 26. Bxa6 Rxa6 27. Nd2 Ra7 28. Rce1 Rae7 29. a3 Kh7 30. e4 dxe4 31. fxe4 Nxe4 32. Nxe4 fxe4 33. Rxe4 Rxe4 34. Rxe4 Rf8 35. Qe2 g5 36. Re6 gxh4 37. Rxd6 hxg3 38. hxg3 Qf3 39. Qe1 Re8 40. Qxe8 Qxg3+ 41. Kf1 Qf3+ 42. Ke1 Qg3+ 43. Ke2 Qg4+ 44. Kd2 Qf4+ 45. Kd1 Qxd6 46. Qf7+ 1-0

[Event "Zalakaros Barczay Memorial"]
[Site "Zalakaros"]
[Date "2019.05.26"]
[Round "4"]
[White "Almasi, Istvan"]
[Black "Kantor, Gergely"]
[Result "1/2-1/2"]
[WhiteElo "2407"]
[BlackElo "2516"]
[PlyCount "54"]
[EventDate "2019.05.23"]
[EventType "swiss"]
[EventRounds "9"]
[EventCountry "HUN"]
[SourceTitle "CBM 190 Extra"]
[Source "ChessBase"]
[SourceDate "2019.07.15"]
[SourceVersion "1"]
[SourceVersionDate "2019.07.15"]
[SourceQuality "1"]

1. Nf3 d5 2. d4 Nf6 3. c4 e6 4. Nc3 c6 5. g3 dxc4 6. Ne5 b5 7. Bg2 a6 8. 0-0 Bb7 9. a4 Be7 10. axb5 axb5 11. Rxa8 Bxa8 12. Nxb5 cxb5 13. Bxa8 0-0 14. Bg2 Nd5 15. Bd2 Qc7 16. e4 Nf6 17. Bf4 Bd6 18. Qf3 Rc8 19. Bh3 Re8 20. Rc1 Nc6 21. Nxc6 Bxf4 22. Qxf4 Qxc6 23. Bg2 Qb6 24. Qd2 Rd8 25. d5 exd5 26. exd5 Nd7 27. b3 Ne5 1/2-1/2

[Event "Zalakaros Barczay Memorial"]
[Site "Zalakaros"]
[Date "2019.05.24"]
[Round "2"]
[White "Almasi, Istvan"]
[Black "Fucak, Emilijo"]
[Result "1-0"]
[WhiteElo "2407"]
[BlackElo "2180"]
[PlyCount "49"]
[EventDate "2019.05.23"]
[EventType "swiss"]
[EventRounds "9"]
[EventCountry "HUN"]
[SourceTitle "CBM 190 Extra"]
[Source "ChessBase"]
[SourceDate "2019.07.15"]
[SourceVersion "1"]
[SourceVersionDate "2019.07.15"]
[SourceQuality "1"]

1. e4 e6 2. d4 d5 3. e5 b6 4. c3 Qd7 5. Nh3 a5 6. Nf4 Ba6 7. Bxa6 Rxa6 8. 0-0 c5 9. a4 c4 10. b3 cxb3 11. Qxb3 h5 12. c4 dxc4 13. Qxc4 g5 14. Ne2 Be7 15. Nbc3 Qc6 16. Qd3 Ra7 17. Ne4 g4 18. Ba3 Kf8 19. f3 Bxa3 20. Qxa3+ Re7 21. Rac1 Qd7 22. fxg4 hxg4 23. Nd6 Nh6 24. Nc8 Nf5 25. Rxf5 1-0

[Event "Zalakaros Barczay Memorial"]
[Site "Zalakaros"]
[Date "2019.05.23"]
[Round "1"]
[White "Fultner, Jaromir"]
[Black "Almasi, Istvan"]
[Result "0-1"]
[WhiteElo "1952"]
[BlackElo "2407"]
[PlyCount "74"]
[EventDate "2019.05.23"]
[EventType "swiss"]
[EventRounds "9"]
[EventCountry "HUN"]
[SourceTitle "CBM 190 Extra"]
[Source "ChessBase"]
[SourceDate "2019.07.15"]
[SourceVersion "1"]
[SourceVersionDate "2019.07.15"]
[SourceQuality "1"]

1. e4 d6 2. d4 Nf6 3. Nc3 g6 4. Nf3 Bg7 5. Bd3 0-0 6. 0-0 a6 7. a4 Nc6 8. h3 e5 9. d5 Nb4 10. Ne2 Nbxd5 11. exd5 e4 12. Ng3 exd3 13. Qxd3 Bd7 14. Be3 b5 15. axb5 axb5 16. c3 Qc8 17. Bg5 Qb7 18. Bxf6 Bxf6 19. Rfe1 b4 20. Ne4 Bg7 21. Qd2 bxc3 22. bxc3 Rxa1 23. Rxa1 Qb3 24. Rc1 Qc4 25. Ng3 Re8 26. Kh2 h6 27. Rc2 Ba4 28. Rc1 Bd7 29. Rc2 Bc8 30. Ne2 Bf5 31. Rb2 Be4 32. Qe3 Qxd5 33. Ng3 Qa8 34. Nxe4 Qxe4 35. Qxe4 Rxe4 36. Rb4 Rxb4 37. cxb4 Kf8 0-1

[Event "HUN-ch rapid"]
[Site "Ajka"]
[Date "2018.07.21"]
[Round "9"]
[White "Almasi, Istvan"]
[Black "Seres, Bela"]
[Result "1-0"]
[WhiteElo "2398"]
[BlackElo "2212"]
[PlyCount "65"]
[EventDate "2018.07.20"]
[EventType "swiss (rapid)"]
[EventRounds "13"]
[EventCountry "HUN"]
[SourceTitle "CBM 185 Extra"]
[Source "ChessBase"]
[SourceDate "2018.07.29"]
[SourceVersion "1"]
[SourceVersionDate "2018.07.29"]
[SourceQuality "1"]

1. Nf3 g6 2. e4 Bg7 3. d4 c5 4. dxc5 Qa5+ 5. c3 Qxc5 6. Na3 b6 7. Nb5 a6 8. Be3 Qc6 9. Nfd4 Qb7 10. Na3 d6 11. Be2 Nd7 12. 0-0 Ngf6 13. f3 0-0 14. Nc4 d5 15. exd5 Nxd5 16. Bf2 Nf4 17. Re1 e5 18. Nb3 b5 19. Nba5 Qc7 20. Qd6 Ra7 21. Qxc7 Rxc7 22. Nd6 Nc5 23. Bxb5 Rd8 24. Ne8 Rxe8 25. Bxe8 Kf8 26. Bc6 Ncd3 27. Bb6 Nxe1 28. Rxe1 Re7 29. Bc5 Nd3 30. Bxe7+ Kxe7 31. Re2 Be6 32. b3 Kd8 33. Rd2 1-0

[Event "HUN-chT2 Barcza 1718"]
[Site "Hungary"]
[Date "2018.03.25"]
[Round "10.2"]
[White "Almasi, Istvan"]
[Black "Hidegh, Gabor"]
[Result "1-0"]
[WhiteElo "2404"]
[BlackElo "2122"]
[PlyCount "47"]
[EventDate "2017.09.24"]
[EventType "team-tourn"]
[EventRounds "11"]
[EventCountry "HUN"]
[SourceTitle "EXT 2021"]
[Source "ChessBase"]
[SourceDate "2020.10.23"]
[SourceVersion "1"]
[SourceVersionDate "2020.10.23"]
[SourceQuality "1"]
[WhiteTeam "Lillafured DVTK II"]
[BlackTeam "Bajnok Sakkiskola"]
[WhiteTeamCountry "HUN"]
[BlackTeamCountry "HUN"]

1. e4 c5 2. Nf3 Nc6 3. d4 cxd4 4. Nxd4 Nf6 5. Nc3 e6 6. Ndb5 Bb4 7. a3 Bxc3+ 8. Nxc3 d5 9. exd5 exd5 10. Bd3 h6 11. 0-0 0-0 12. Bf4 d4 13. Nb5 Nd5 14. Bg3 Be6 15. Qf3 Qd7 16. Nd6 Rad8 17. Rfe1 Nf6 18. Ne4 Nxe4 19. Qxe4 g6 20. Qf4 Kh7 21. Qf6 Rg8 22. Re4 Bf5 23. Rf4 Qe6 24. Rxf5 1-0

[Event "Graz op-A"]
[Site "Graz"]
[Date "2018.02.23"]
[Round "9"]
[White "Schwabeneder, Florian"]
[Black "Almasi, Istvan"]
[Result "1-0"]
[WhiteElo "2403"]
[BlackElo "2407"]
[PlyCount "83"]
[EventDate "2018.02.17"]
[EventType "swiss"]
[EventRounds "9"]
[EventCountry "AUT"]
[SourceTitle "CBM 183 Extra"]
[Source "ChessBase"]
[SourceDate "2018.04.19"]
[SourceVersion "1"]
[SourceVersionDate "2018.04.19"]
[SourceQuality "1"]

1. e4 g6 2. d4 Bg7 3. Nc3 d6 4. Be3 Nf6 5. h3 0-0 6. g4 c5 7. Nge2 cxd4 8. Nxd4 Nc6 9. Bg2 h5 10. Nxc6 bxc6 11. e5 Nxg4 12. hxg4 Bxg4 13. Bf3 Bxf3 14. Qxf3 dxe5 15. Rd1 Qa5 16. Qe4 Rab8 17. Qa4 Qc7 18. b3 a5 19. a3 f5 20. Qc4+ Kh7 21. Na4 f4 22. Bc5 f3 23. Be3 Rbd8 24. Rxd8 Qxd8 25. Nc5 Qd5 26. Ne6 Rc8 27. Ng5+ Kh8 28. Qe4 Rd8 29. Qxd5 Rxd5 30. Nxf3 a4 31. Ke2 axb3 32. cxb3 e4 33. Nd2 Rd3 34. Rb1 Rc3 35. Nxe4 Rc2+ 36. Kd3 Ra2 37. a4 Kg8 38. Nc3 Bxc3 39. Kxc3 Kf7 40. Bb6 h4 41. a5 g5 42. b4 1-0

[Event "Graz op-A"]
[Site "Graz"]
[Date "2018.02.20"]
[Round "5"]
[White "Szustakowski, Antoni"]
[Black "Almasi, Istvan"]
[Result "0-1"]
[WhiteElo "2303"]
[BlackElo "2407"]
[PlyCount "110"]
[EventDate "2018.02.17"]
[EventType "swiss"]
[EventRounds "9"]
[EventCountry "AUT"]
[SourceTitle "CBM 183 Extra"]
[Source "ChessBase"]
[SourceDate "2018.04.19"]
[SourceVersion "1"]
[SourceVersionDate "2018.04.19"]
[SourceQuality "1"]

1. d4 g6 2. e4 Bg7 3. Nf3 d6 4. Bc4 Nf6 5. Qe2 0-0 6. e5 dxe5 7. dxe5 Nd5 8. 0-0 c6 9. h3 Nd7 10. Re1 Nc5 11. a3 Nb6 12. Ba2 Be6 13. Be3 Bxa2 14. Rxa2 Ne6 15. c4 a5 16. b4 Nd7 17. Bc1 Qc7 18. Rd2 axb4 19. axb4 Rfd8 20. Bb2 Nb6 21. Red1 Rxd2 22. Nbxd2 Ra2 23. Ba1 c5 24. b5 Bh6 25. Qd3 Bxd2 26. Nxd2 Qd7 27. Qxd7 Nxd7 28. g3 Nb6 29. Kg2 Rc2 30. h4 h5 31. Kf3 Nxc4 32. Nxc4 Rxc4 33. Rb1 b6 34. Ke3 Nc7 35. Kd3 Ra4 36. Bc3 Nd5 37. Bd2 e6 38. Kc2 Rc4+ 39. Kd3 Rd4+ 40. Kc2 Re4 41. f4 Re2 42. Kd3 Rg2 43. Be1 Ra2 44. Kc4 Ra4+ 45. Kd3 Ra3+ 46. Kc2 c4 47. Kb2 Re3 48. Rc1 Kf8 49. Bf2 Rb3+ 50. Ka2 Nb4+ 51. Ka1 Nd3 52. Rc2 Nxf2 53. Rxf2 Rxb5 54. Rc2 Rb4 55. Ka2 b5 0-1

[Event "Palic Karadzic Memorial op"]
[Site "Palic"]
[Date "2017.10.31"]
[Round "5"]
[White "Stojanovski, Zdravko"]
[Black "Almasi, Istvan"]
[Result "0-1"]
[WhiteElo "2040"]
[BlackElo "2421"]
[PlyCount "62"]
[EventDate "2017.10.28"]
[EventType "swiss"]
[EventRounds "9"]
[EventCountry "SRB"]
[SourceTitle "CBM 181 Extra"]
[Source "ChessBase"]
[SourceDate "2017.12.12"]
[SourceVersion "1"]
[SourceVersionDate "2017.12.12"]
[SourceQuality "1"]

1. d3 g6 2. Nd2 Bg7 3. g3 c5 4. Bg2 Nc6 5. e3 Nf6 6. Ne2 d5 7. a3 0-0 8. h3 e5 9. c4 Be6 10. Qc2 Qd7 11. b3 Rad8 12. Bb2 dxc4 13. dxc4 Rfe8 14. g4 h5 15. g5 Nh7 16. h4 Bf5 17. Ne4 Nf8 18. N2c3 Nd4 19. exd4 exd4 20. Nd5 Bxe4 21. Bxe4 Rxe4+ 22. Qxe4 Re8 23. Qxe8 Qxe8+ 24. Kd2 Qe4 25. Rab1 Qf3 26. Rhe1 Qxf2+ 27. Re2 Qxh4 28. Rg1 d3 29. Kxd3 Bxb2 30. Rf1 Qh3+ 31. Ne3 Bd4 0-1

[Event "Palic Karadzic Memorial op"]
[Site "Palic"]
[Date "2017.10.30"]
[Round "4"]
[White "Almasi, Istvan"]
[Black "Marjanusic, Vladimir"]
[Result "1-0"]
[WhiteElo "2421"]
[BlackElo "2204"]
[PlyCount "59"]
[EventDate "2017.10.28"]
[EventType "swiss"]
[EventRounds "9"]
[EventCountry "SRB"]
[SourceTitle "CBM 181 Extra"]
[Source "ChessBase"]
[SourceDate "2017.12.12"]
[SourceVersion "1"]
[SourceVersionDate "2017.12.12"]
[SourceQuality "1"]

1. Nf3 Nf6 2. g3 g6 3. c4 Bg7 4. d4 0-0 5. Bg2 d6 6. 0-0 Nc6 7. Nc3 Bf5 8. d5 Na5 9. Nd2 c5 10. e4 Bd7 11. Qc2 a6 12. a4 e5 13. b3 Nh5 14. Rb1 f5 15. exf5 gxf5 16. h3 Qc7 17. Nf3 h6 18. Nh4 Rae8 19. Bf3 Nf6 20. Nxf5 Bxf5 21. Qxf5 e4 22. Bg2 Nd7 23. Qg4 Ne5 24. Qh4 Nf3+ 25. Bxf3 exf3 26. Ne4 b6 27. Re1 Qe7 28. Qg4 Kh8 29. Bd2 Qd8 30. Qg6 1-0

[Event "Arco op-A 39th"]
[Site "Arco"]
[Date "2017.10.10"]
[Round "4"]
[White "Nazarenus, Moritz"]
[Black "Almasi, Istvan"]
[Result "0-1"]
[WhiteElo "2241"]
[BlackElo "2421"]
[PlyCount "68"]
[EventDate "2017.10.07"]
[EventType "swiss"]
[EventRounds "9"]
[EventCountry "ITA"]
[SourceTitle "CBM 181 Extra"]
[Source "ChessBase"]
[SourceDate "2017.12.12"]
[SourceVersion "1"]
[SourceVersionDate "2017.12.12"]
[SourceQuality "1"]

1. d4 g6 2. c4 Bg7 3. e4 d6 4. Nc3 e5 5. Nf3 exd4 6. Nxd4 Nc6 7. Nc2 f5 8. exf5 Bxf5 9. Ne3 Nge7 10. Be2 0-0 11. 0-0 Nd4 12. Nxf5 Nexf5 13. Bg4 Qh4 14. Nd5 Be5 15. f4 Bg7 16. a4 Rae8 17. Ra3 Nh6 18. Bf3 c6 19. Nb4 a5 20. Nd3 Nxf3+ 21. Qxf3 Ng4 22. h3 Bd4+ 23. Kh1 Ne3 24. Bxe3 Rxe3 25. Qg4 Qxg4 26. hxg4 Bxb2 27. Ra2 Bd4 28. Rd2 Rg3 29. g5 Rxg5 30. Kh2 Rh5+ 31. Kg3 Re8 32. Nf2 Re3+ 33. Kg4 Bf6 34. Rh1 Rxh1 0-1

[Event "Arco op-A 39th"]
[Site "Arco"]
[Date "2017.10.09"]
[Round "3"]
[White "Almasi, Istvan"]
[Black "Valenti, Giuseppe"]
[Result "1-0"]
[WhiteElo "2421"]
[BlackElo "2149"]
[PlyCount "73"]
[EventDate "2017.10.07"]
[EventType "swiss"]
[EventRounds "9"]
[EventCountry "ITA"]
[SourceTitle "CBM 181 Extra"]
[Source "ChessBase"]
[SourceDate "2017.12.12"]
[SourceVersion "1"]
[SourceVersionDate "2017.12.12"]
[SourceQuality "1"]

1. c4 e6 2. g3 Nf6 3. Bg2 d5 4. Nf3 Be7 5. 0-0 0-0 6. d4 dxc4 7. Ne5 c5 8. dxc5 Bxc5 9. Nc3 h6 10. Nxc4 Nc6 11. Bf4 Bd7 12. Nd6 Bxd6 13. Bxd6 Re8 14. Nb5 Rc8 15. Ba3 Rb8 16. Nd6 Rf8 17. Rc1 Nd5 18. e4 Nde7 19. e5 b5 20. Bc5 Nxe5 21. Nb7 Qe8 22. Bd6 Bc6 23. Bxc6 N7xc6 24. Bxf8 Rxb7 25. Bc5 Rd7 26. Qb3 Qa8 27. f4 Rd2 28. Rf2 Rd3 29. Qc2 Nd4 30. Bxd4 Nf3+ 31. Rxf3 Qxf3 32. Bxa7 Qd5 33. Bf2 Qe4 34. Qc8+ Kh7 35. Re1 Qd5 36. Qc5 Qxa2 37. Qc2 1-0

[Event "Arco op-A 39th"]
[Site "Arco"]
[Date "2017.10.07"]
[Round "1"]
[White "Almasi, Istvan"]
[Black "Joerges, Frank"]
[Result "1-0"]
[WhiteElo "2421"]
[BlackElo "1869"]
[PlyCount "51"]
[EventDate "2017.10.07"]
[EventType "swiss"]
[EventRounds "9"]
[EventCountry "ITA"]
[SourceTitle "CBM 181 Extra"]
[Source "ChessBase"]
[SourceDate "2017.12.12"]
[SourceVersion "1"]
[SourceVersionDate "2017.12.12"]
[SourceQuality "1"]

1. Nf3 d5 2. g3 Nf6 3. Bg2 Bg4 4. c4 Bxf3 5. Bxf3 c6 6. Qb3 Qd7 7. d4 e6 8. 0-0 Bd6 9. Nc3 0-0 10. e4 dxe4 11. Nxe4 Nxe4 12. Bxe4 a5 13. Bd2 a4 14. Qc2 g6 15. Rad1 Rd8 16. h4 Bf8 17. Bg5 Rc8 18. Qe2 Na6 19. Qf3 Nc7 20. h5 Ra5 21. Bd2 Ra6 22. Bc3 Bg7 23. h6 Bxh6 24. d5 Ne8 25. dxc6 Qc7 26. Rd7 1-0

[Event "Suwalki Warakomska Memorial-A 1st"]
[Site "Suwalki"]
[Date "2017.08.12"]
[Round "2"]
[White "Almasi, Istvan"]
[Black "Czarnota, Pawel"]
[Result "1-0"]
[WhiteElo "2408"]
[BlackElo "2577"]
[PlyCount "103"]
[EventDate "2017.08.11"]
[EventType "swiss"]
[EventRounds "9"]
[EventCountry "POL"]
[SourceTitle "CBM 180 Extra"]
[Source "ChessBase"]
[SourceDate "2017.10.06"]
[SourceVersion "1"]
[SourceVersionDate "2017.10.06"]
[SourceQuality "1"]

1. d4 Nf6 2. c4 g6 3. Nc3 Bg7 4. e4 d6 5. Nf3 0-0 6. Be2 Na6 7. 0-0 e5 8. Be3 c6 9. dxe5 dxe5 10. c5 Ng4 11. Bg5 f6 12. Bxa6 bxa6 13. Bd2 Nh6 14. h3 Nf7 15. Qa4 Qc7 16. Nd1 Qb7 17. Qc2 Be6 18. Ba5 Rab8 19. b4 f5 20. Ne3 f4 21. Nc4 Qe7 22. Rad1 g5 23. Nd6 h5 24. Nxf7 Rxf7 25. Rd6 g4 26. hxg4 hxg4 27. Rxe6 Qxe6 28. Ng5 Qe7 29. Nxf7 Qxf7 30. Rd1 Bf8 31. Qe2 Qh5 32. Rd7 Kh8 33. Qd1 f3 34. Rd3 Be7 35. gxf3 Rg8 36. f4 exf4 37. Bd8 Bxd8 38. Rxd8 Qg5 39. Qd4+ Kh7 40. Rd7+ Rg7 41. Rxg7+ Qxg7 42. e5 f3 43. Qe4+ Qg6 44. Qxg6+ Kxg6 45. Kh2 Kf5 46. Kg3 a5 47. bxa5 a6 48. e6 Kxe6 49. Kxg4 Kd5 50. Kxf3 Kxc5 51. Ke4 Kd6 52. Kd4 1-0

[Event "Zalakaros op 36th"]
[Site "Zalakaros"]
[Date "2017.05.25"]
[Round "8"]
[White "Havanecz, Bianka"]
[Black "Almasi, Istvan"]
[Result "1/2-1/2"]
[WhiteElo "2210"]
[BlackElo "2398"]
[PlyCount "63"]
[EventDate "2017.05.18"]
[EventType "swiss"]
[EventRounds "9"]
[EventCountry "HUN"]
[SourceTitle "CBM 178 Extra"]
[Source "ChessBase"]
[SourceDate "2017.06.22"]
[SourceVersion "1"]
[SourceVersionDate "2017.06.22"]
[SourceQuality "1"]

1. d4 Nf6 2. Bf4 c5 3. d5 b5 4. a4 Bb7 5. e4 Nxe4 6. axb5 d6 7. Nf3 g6 8. c4 Bg7 9. Bd3 Nf6 10. Qd2 a6 11. Nc3 axb5 12. Rxa8 Bxa8 13. Nxb5 Na6 14. 0-0 0-0 15. Bh6 Bxh6 16. Qxh6 e6 17. Qf4 Nb4 18. Bb1 exd5 19. Nxd6 Nh5 20. Qe5 Nc6 21. Qxd5 Nd4 22. Qxc5 Ne2+ 23. Kh1 Bxf3 24. gxf3 Qh4 25. Nc8 Qh3 26. Ne7+ Kg7 27. Nf5+ gxf5 28. Qe5+ Kh6 29. Qd6+ Kg7 30. Qe5+ Kh6 31. Qd6+ Kg7 32. Qe5+ 1/2-1/2

[Event "Zalakaros op 36th"]
[Site "Zalakaros"]
[Date "2017.05.24"]
[Round "7"]
[White "Almasi, Istvan"]
[Black "Jarmula, Lukasz"]
[Result "1/2-1/2"]
[WhiteElo "2398"]
[BlackElo "2469"]
[PlyCount "114"]
[EventDate "2017.05.18"]
[EventType "swiss"]
[EventRounds "9"]
[EventCountry "HUN"]
[SourceTitle "CBM 178 Extra"]
[Source "ChessBase"]
[SourceDate "2017.06.22"]
[SourceVersion "1"]
[SourceVersionDate "2017.06.22"]
[SourceQuality "1"]

1. d4 Nf6 2. Nf3 g6 3. Bf4 Bg7 4. e3 0-0 5. c3 d6 6. h3 c5 7. dxc5 dxc5 8. Qxd8 Rxd8 9. Nbd2 Nd5 10. Be5 Bxe5 11. Nxe5 Nd7 12. Ndf3 Nxe5 13. Nxe5 Nb6 14. a4 Be6 15. a5 Nd7 16. Nxd7 Rxd7 17. Bb5 Rd6 18. Rd1 c4 19. Rxd6 exd6 20. Ke2 Rc8 21. Ba4 Rc5 22. a6 bxa6 23. Rd1 Ra5 24. Bc6 d5 25. e4 dxe4 26. Bxe4 Rb5 27. Rd2 Kf8 28. Bc6 Re5+ 29. Kd1 Ke7 30. Rd4 Ra5 31. Kc2 Ra1 32. Bd5 Bf5+ 33. Be4 Rf1 34. Rxc4 Rxf2+ 35. Kc1 Bxe4 36. Rxe4+ Kd6 37. g4 f5 38. gxf5 gxf5 39. Rh4 f4 40. Rxh7 Ke5 41. Re7+ Kd5 42. b3 a5 43. h4 a6 44. h5 Rh2 45. Kd1 Rb2 46. h6 Rxb3 47. h7 Rb8 48. Rg7 Rh8 49. Ra7 Ke4 50. Ke2 a4 51. Rxa6 Rxh7 52. Rxa4+ Kf5 53. Kf3 Rh3+ 54. Kg2 Rg3+ 55. Kf2 Kg4 56. Ra8 Rxc3 57. Rg8+ Kf5 1/2-1/2

[Event "Zalakaros op 36th"]
[Site "Zalakaros"]
[Date "2017.05.20"]
[Round "3"]
[White "Krykun, Yuriy"]
[Black "Almasi, Istvan"]
[Result "0-1"]
[WhiteElo "2308"]
[BlackElo "2398"]
[PlyCount "56"]
[EventDate "2017.05.18"]
[EventType "swiss"]
[EventRounds "9"]
[EventCountry "HUN"]
[SourceTitle "CBM 178 Extra"]
[Source "ChessBase"]
[SourceDate "2017.06.22"]
[SourceVersion "1"]
[SourceVersionDate "2017.06.22"]
[SourceQuality "1"]

1. e4 c5 2. Nf3 e6 3. g3 Nc6 4. Bg2 Nf6 5. Qe2 e5 6. 0-0 Be7 7. c3 0-0 8. Na3 d5 9. exd5 Qxd5 10. d3 Bf5 11. Rd1 Rad8 12. Qe1 Bxd3 13. Nxe5 Qxe5 14. Bxc6 Qh5 15. Bg2 c4 16. Be3 Rfe8 17. Nxc4 Bxc4 18. Bxa7 Bd6 19. Qd2 Bxg3 20. fxg3 Rxd2 21. Rxd2 Bd5 22. Bxd5 Nxd5 23. Rad1 Re2 24. Bf2 Rxd2 25. Rxd2 Qf5 26. c4 Qb1+ 27. Kg2 Qe4+ 28. Kg1 Qxc4 0-1

[Event "Zalakaros op 36th"]
[Site "Zalakaros"]
[Date "2017.05.19"]
[Round "2"]
[White "Almasi, Istvan"]
[Black "Marosi, Levente"]
[Result "1/2-1/2"]
[WhiteElo "2398"]
[BlackElo "2286"]
[PlyCount "80"]
[EventDate "2017.05.18"]
[EventType "swiss"]
[EventRounds "9"]
[EventCountry "HUN"]
[SourceTitle "CBM 178 Extra"]
[Source "ChessBase"]
[SourceDate "2017.06.22"]
[SourceVersion "1"]
[SourceVersionDate "2017.06.22"]
[SourceQuality "1"]

1. d4 Nf6 2. Nf3 g6 3. c4 Bg7 4. Nc3 0-0 5. e4 d6 6. Be2 e5 7. 0-0 Nc6 8. d5 Ne7 9. Ne1 Ne8 10. Nd3 f5 11. f4 exf4 12. Rxf4 g5 13. Rf1 f4 14. Bg4 Ng6 15. g3 fxg3 16. Rxf8+ Kxf8 17. hxg3 h6 18. Be3 Nf6 19. Bh5 Ne5 20. Nxe5 dxe5 21. Bg6 Kg8 22. Qf1 a6 23. Bf5 Ng4 24. Bxg4 Bxg4 25. c5 Qd7 26. Qc4 Kh8 27. c6 bxc6 28. Qxc6 Qxc6 29. dxc6 Rd8 30. Nd5 Rd6 31. Rc1 Bf3 32. Rc4 Bxe4 33. Rxe4 Rxd5 34. b4 Bf8 35. Kg2 Bd6 36. Kf3 Kg7 37. Rc4 Rb5 38. Bd2 Rd5 39. Be3 Rb5 40. Bd2 Rd5 1/2-1/2

[Event "Zalakaros op 36th"]
[Site "Zalakaros"]
[Date "2017.05.18"]
[Round "1"]
[White "Rapport, Richard"]
[Black "Almasi, Istvan"]
[Result "1-0"]
[WhiteElo "2698"]
[BlackElo "2398"]
[PlyCount "45"]
[EventDate "2017.05.18"]
[EventType "swiss"]
[EventRounds "9"]
[EventCountry "HUN"]
[SourceTitle "CBM 178 Extra"]
[Source "ChessBase"]
[SourceDate "2017.06.22"]
[SourceVersion "1"]
[SourceVersionDate "2017.06.22"]
[SourceQuality "1"]

1. e4 e6 2. d4 d5 3. exd5 exd5 4. Nc3 c6 5. Bf4 Bd6 6. Qd2 Bxf4 7. Qxf4 Qf6 8. Qd2 Ne7 9. 0-0-0 0-0 10. h4 c5 11. Qg5 Qxg5+ 12. hxg5 cxd4 13. Rxd4 Nbc6 14. Rdh4 Bf5 15. g4 Bg6 16. f4 d4 17. Nb5 Be4 18. R1h2 Nb4 19. Nd6 Bxc2 20. a3 Ng6 21. Rxh7 Rfd8 22. f5 Rxd6 23. fxg6 1-0

[Event "HUN-chT 1617"]
[Site "Hungary"]
[Date "2017.04.09"]
[Round "9.5"]
[White "Fogarasi, Tibor"]
[Black "Almasi, Istvan"]
[Result "1/2-1/2"]
[WhiteElo "2368"]
[BlackElo "2423"]
[PlyCount "44"]
[EventDate "2016.10.30"]
[EventType "team-tourn"]
[EventRounds "9"]
[EventCountry "HUN"]
[SourceTitle "EXT 2018"]
[Source "ChessBase"]
[SourceDate "2017.10.13"]
[SourceVersion "1"]
[SourceVersionDate "2017.10.13"]
[SourceQuality "1"]
[WhiteTeam "Penzugyor"]
[BlackTeam "Dunaharaszti"]
[WhiteTeamCountry "HUN"]
[BlackTeamCountry "HUN"]

1. e4 e6 2. d4 d5 3. Nc3 dxe4 4. Nxe4 Nd7 5. Nf3 Ngf6 6. Nxf6+ Nxf6 7. c3 c5 8. Ne5 a6 9. Be3 Qc7 10. Qa4+ Nd7 11. Bb5 cxd4 12. Bxd7+ Bxd7 13. Nxd7 Qxd7 14. Qxd7+ Kxd7 15. Bxd4 f6 16. 0-0-0 Kc6 17. f4 Bd6 18. g3 Rhe8 19. Rhe1 Rad8 20. Re4 Bc5 21. Bxc5 Rxd1+ 22. Kxd1 Kxc5 1/2-1/2

[Event "Budapest Spring op"]
[Site "Budapest"]
[Date "2017.03.21"]
[Round "4"]
[White "Almasi, Istvan"]
[Black "Havanecz, Bianka"]
[Result "1-0"]
[WhiteElo "2415"]
[BlackElo "2225"]
[PlyCount "51"]
[EventDate "2017.03.18"]
[EventType "swiss"]
[EventRounds "9"]
[EventCountry "HUN"]
[SourceTitle "CBM 177 Extra"]
[Source "ChessBase"]
[SourceDate "2017.04.27"]
[SourceVersion "1"]
[SourceVersionDate "2017.04.27"]
[SourceQuality "1"]

1. d4 d5 2. c4 c6 3. Nf3 Nf6 4. Nc3 e6 5. Bg5 h6 6. Bh4 dxc4 7. e4 g5 8. Bg3 b5 9. Ne5 Nbd7 10. Nxc6 Qb6 11. d5 Bb7 12. a4 a6 13. Be2 h5 14. h4 g4 15. 0-0 Rc8 16. axb5 axb5 17. Na7 Rc5 18. b4 cxb3 19. Naxb5 b2 20. Rb1 Qa5 21. Rxb2 Be7 22. dxe6 fxe6 23. Nd6+ Bxd6 24. Bxd6 Qxc3 25. Rxb7 Nxe4 26. Rxd7 1-0